[Event "45th Olympiad 2024"]
[Site "Budapest HUN"]
[Date "2024.09.21"]
[Round "10.10"]
[White "Carlsen, Magnus"]
[Black "Schitco, Ivan"]
[Result "1-0"]
[WhiteElo "2832"]
[BlackElo "2527"]
[PlyCount "83"]
[EventDate "2024.09.11"]
[WhiteTeam "Norway"]
[BlackTeam "Moldova"]
[WhiteTeamCountry "NOR"]
[BlackTeamCountry "MDA"]

1. d4 {Huebner,Robert} d5 2. Nf3 Nf6 3. e3 Bf5 4. c4 c6 5. Nc3 e6 6. Nh4 Be4 7. f3 Bg6 8. Qb3 Qc7 9. Bd2 a5 ({RR} 9... Be7 10. O-O-O ({RR} 10. g3 Bh5 11. Be2 g5 12. Ng2 h6 13. Rc1 Qb6 14. Qc2 Bg6 15. Bd3 Bxd3 16. Qxd3 Qa6 17. b3 Nbd7 18. Ke2 O-O-O 19. c5 Qxd3+ 20. Kxd3 Ne8 21. b4 Nc7 22. a4 b6 23. Ne2 Kb7 24. Rb1 f5) 10... Nbd7 11. cxd5 ({RR} 11. Nxg6 hxg6 12. g3) 11... Nxd5 12. Nxg6 hxg6 13. h3 ({RR} 13. e4) 13... a5 14. a3 ({RR} 14. e4) 14... b5 15. Nxd5 ({RR} 15. e4 b4 ({RR} 15... a4 16. Qc2 b4 17. Nxd5 exd5 18. Bxb4 ({RR} 18. exd5 bxa3 19. Qxc6 Qb8 20. Bb5 O-O 21. Qxd7 Ra7) 18... Bxb4 19. axb4 Qb6 20. Qc3) 16. exd5 ({RR} 16. axb4 axb4 17. Na2 N5f6) 16... cxd5 17. Kb1 bxc3) 15... exd5 16. Kb1 ({RR} 16. e4 Nb6) 16... Nb6 17. e4 Nc4 18. exd5 a4 19. Qc2 cxd5 20. Bd3 ({RR} 20. Bxc4 bxc4 21. Rhe1 O-O 22. Rxe7 Qxe7 23. Bb4 Qe3 24. Bxf8 Kxf8) 20... Rb8 21. Rhe1 O-O 22. Bxc4 ({RR} 22. Bf4 Qxf4 23. Rxe7 Qd6 24. Re2 ({RR} 24. Rde1 b4) 24... Rfc8) 22... bxc4 23. Qxa4 ({RR} 23. Bf4 Qxf4 24. Rxe7 Rb3) 23... Ra8 ({RR} 23... c3) 24. Qb5 {0-1 Bareev,E (2707)-Ivanchuk,V (2717) FIDE GP Dubai rapid 2002 (1.4)}) 10. cxd5 Nxd5 11. g3 Nd7 $146 ({RR} 11... Be7 12. Nxg6 hxg6 13. Kf2 Nd7 14. Kg2 g5 15. Rc1 Nxc3 16. bxc3 b5 17. c4 b4 18. c5 e5 19. Bc4 O-O 20. Qc2 Rad8 21. h4 g4 22. fxg4 exd4 23. exd4 Nf6 24. Bf4 Qd7 25. g5 Nd5 26. Rhf1 {1-0 Gretarsson,H (2475)-Sai Agni Jeevitesh,J (2289) 2nd Leca Chess Open 2023 (7.4)}) ({RR} 11... Nxc3 12. bxc3 b5 13. Nxg6 hxg6 14. Kf2 Nd7 15. Be2 Be7 16. e4 a4 17. Qb2 O-O 18. Be3 f5 19. Kg2 Rad8 20. c4 Rb8 21. Qc2 Qa7 22. Rab1 b4 23. c5 e5 24. Rhc1 exd4 25. Bxd4 Kh7 26. exf5 {1-0 Ushenina,A (2418)-Zawadzka,J (2351) 24th ch-EUR Indiv w 2024 (4.8)}) ({RR} 11... Be7 12. Nxg6 hxg6 13. Kf2 Nd7 14. Be2 N5f6 15. Kg2 e5 16. dxe5 Nc5 17. Qc2 Qxe5 18. Rad1 g5 19. h3 Rd8 20. Bc1 Rxd1 21. Bxd1 Nd5 22. Nxd5 Qxd5 23. Be2 Qe5 24. b3 g4 25. Qb2 gxf3+ 26. Bxf3 {½-½ Keymer,V (2700)-Grandelius,N (2660) 28th Sigeman & Co 2023 (1.4)}) ({RR} 11... Be7 12. Nxg6 hxg6 13. Kf2 Nd7 14. Be2 N5f6 15. Kg2 e5 16. dxe5 Nc5 17. Qc2 Qxe5 18. Rad1 g5 19. h3 Rd8 20. Bc1 Rxd1 21. Bxd1 Nd5 22. Nxd5 Qxd5 23. Be2 Qe5 24. b3 g4 25. Qb2 gxf3+ 26. Bxf3 {Keymer,V (2700)-Grandelius,N (2660) Malmo SWE 2023 ½-½ (41)}) ({RR} 11... Be7 12. Nxg6 hxg6 13. Kf2 Nd7 14. Be2 N5f6 15. f4 c5 16. Bf3 cxd4 17. Nb5 Qb6 18. Nxd4 Bb4 19. Bxb4 axb4 20. a3 Nc5 21. Qc4 bxa3 22. bxa3 Nfe4+ 23. Kg2 Qb2+ 24. Qc2 Qxc2+ 25. Nxc2 O-O 26. Bxe4 {Ustiyanovich,N (2293)-Wadsworth,M (2500) Karlsruhe GER 2025 ½-½ (40)}) 12. e4 Nxc3 13. bxc3 b5 14. a3 Be7 15. Nxg6 hxg6 16. Kf2 Rb8 17. Be2 g5 18. Be3 Nb6 19. Kg2 Kf8 20. Rhf1 Kg8 21. Rf2 Nd7 22. f4 gxf4 23. Bxf4 Bd6 24. e5 Be7 25. Bg4 a4 26. Qa2 Nf8 27. Raf1 Rh7 28. h4 Qd8 29. Be3 g5 30. h5 Qd5+ 31. Bf3 Qxa2 32. Rxa2 Rc8 33. g4 f5 34. exf6 Bxf6 35. Be4 Rh6 36. Raf2 Kg7 37. Kg3 Rc7 38. Bxg5 Bxg5 39. Rxf8 Rh8 40. Rxh8 Kxh8 41. h6 Be7 42. g5 1-0

[Event "Division I"]
[Site "Chess.com"]
[Date "2024.05.15"]
[Round "4.2"]
[White "Firouzja, Alireza"]
[Black "Carlsen, Magnus"]
[Result "1/2-1/2"]
[WhiteElo "2862"]
[BlackElo "2894"]
[Annotator "Stockfish 16.1"]
[PlyCount "105"]
[EventDate "2024.??.??"]
[WhiteTeam "FRA"]
[BlackTeam "NOR"]
[WhiteClock "0:00:07"]
[BlackClock "0:00:12"]

{[%evp 9,105,6,19,19,23,-11,19,-23,-22,-21,-19,-29,-15,-44,-49,-88,-6,2,-1,0,1,0,19,1,95,21,117,117,112,112,102,100,187,171,175,175,182,187,170,169,178,93,97,70,105,103,284,313,287,313,317,317,307,312,305,178,175,107,131,8,7,0,105,107,115,101,364,121,253,-20,0,0,0,0,226,225,228,227,229,228,253,0,0,0,0,-4,-9,-10,0,0,2,0,0,0,0,0,0,0]} 1. d4 {ChessBase} d5 2. Bf4 c5 $146 ({RR} 2... e6 3. e3 Nf6 4. Nd2 Be7 5. h3 O-O 6. Ngf3 b6 7. Bd3 Bb7 8. O-O Nbd7 9. Ne5 Ne4 10. f3 Nxd2 11. Qxd2 Nxe5 12. Bxe5 Bd6 13. f4 f6 14. Bxd6 Qxd6 15. c3 e5 16. Qf2 e4 17. Be2 {Martinez Butron,L (2251)-Nunez Miranda,M (2368) Buxton/ Derbyshire 2019 The Week in Chess 1267 [ChessBase] 1-0 (31)}) 3. e3 cxd4 4. exd4 Nc6 5. c3 f6 6. Nf3 g5 7. Bg3 ({But not} 7. Nxg5 fxg5 8. Qh5+ Kd7 $15) 7... Bf5 8. Nbd2 h5 9. h3 e6 10. Bb5 Bd6 11. O-O $146 ({RR} 11. Bxd6 Qxd6 12. Nb3 Nge7 13. Nc5 b6 14. Nb3 Kf7 15. Bd3 g4 16. Nh4 gxh3 17. Nxf5 Nxf5 18. Rxh3 h4 19. Bxf5 exf5 20. Qf3 Rae8+ 21. Kd2 f4 22. Rah1 Qe6 23. Nc1 Na5 {1-0 (23) Regadera Mateos,N (1959)-Blazquez Sanz,O (1924) Zafra ESP 2025}) 11... Nge7 12. Nb3 a6 13. Bd3 Bxg3 14. fxg3 Qd6 15. Qe2 Bxd3 16. Qxd3 b6 (16... O-O-O $11 {keeps the balance.}) 17. Nh2 f5 (17... Nf5 $11) 18. Rae1 $16 g4 19. h4 Kd7 20. Rf2 Ng8 (20... Rhf8 $16) 21. Rfe2 $18 Nd8 22. c4 dxc4 23. Qxc4 Nf6 24. Nf1 Re8 25. Qd3 ({White should try} 25. a4 $18) 25... Nc6 $16 26. a3 Ne4 27. Kh2 Nc5 $2 (27... Kc7 $16) 28. Nxc5+ $18 bxc5 29. Ne3 Nxd4 30. Nc4 Qc7 31. Re5 {Hoping for b4.} Rad8 32. b4 (32. Qc3 $142) 32... Ke7 33. Qe3 ({Don't go for} 33. Rxc5 $2 Qxc5 $1 {[%mdl 512]} 34. bxc5 Nf3+ 35. Qxf3 gxf3 $19) 33... cxb4 34. Qg5+ (34. Qh6 $16 {[%cal Rh6g7]} Qxc4 35. Rc1 Qxc1 36. Qxc1) 34... Kf8 $1 $11 35. axb4 Qg7 (35... Qxc4 $11 36. Qf6+ Kg8 37. Qg6+ Kh8 38. Qh6+ Kg8 39. Qg6+ Kf8 40. Qf6+ Kg8 41. Qg6+) 36. Qf4 $16 {[%mdl 1024] White has strong compensation.} Qf6 37. Rc5 Nc2 $2 {[%mdl 8192] [#]} (37... Kg8 $16 {was worth a try.}) 38. Rb1 $2 (38. Rxe6 $1 $18 {[%mdl 512] and the rest is easy.} Qxe6 (38... Rxe6 39. Rxf5) 39. Rxf5+ {[%mdl 64] Double Attack} Ke7 40. Rxh5) 38... Rd4 {[#]} (38... Nd4 $16 {was called for.}) 39. Ne5 $2 ({White has to play} 39. Qc1 $1 $18) 39... Rxf4 40. Nd7+ {[%mdl 64] Double Attack} Ke7 41. Nxf6 Kxf6 $2 (41... Rxb4 $11 42. Rxb4 Nxb4 43. Nxe8 Kxe8) 42. gxf4 $11 {[%mdl 4096] Endgame KRR-KRN} Ne3 43. Re1 g3+ 44. Kxg3 Rg8+ 45. Kf3 $2 (45. Kf2 $18 Nd5 46. Rc6) 45... Nxg2 {[%mdl 64] Double Attack. The position is equal.} 46. Rh1 {Strongly threatening Rc2.} Rg4 {[%mdl 64] Double Attack} 47. Rc6 Nxh4+ 48. Ke2 Rxf4 49. Rb1 Re4+ 50. Kf2 Rf4+ 51. Ke2 Re4+ 52. Kf2 Rf4+ 53. Ke2 {Accuracy: White = 58%, Black = 64%.} 1/2-1/2

[Event "Division I"]
[Site "Chess.com"]
[Date "2024.05.11"]
[Round "2.4"]
[White "Lazavik, Denis"]
[Black "Carlsen, Magnus"]
[Result "1/2-1/2"]
[WhiteElo "2788"]
[BlackElo "2897"]
[Annotator "Stockfish 16.1"]
[PlyCount "124"]
[EventDate "2024.??.??"]
[WhiteTeam "BLR"]
[BlackTeam "NOR"]
[WhiteClock "0:00:10"]
[BlackClock "0:03:31"]

{[%evp 9,124,10,12,12,25,13,13,18,18,30,34,10,5,5,5,4,4,6,2,3,3,3,3,11,7,4,6,5,7,9,34,25,64,60,56,65,108,81,75,65,93,25,25,24,21,25,27,23,28,23,27,27,19,16,18,20,26,22,21,2,14,13,28,25,31,5,5,9,10,16,17,14,21,0,0,0,0,0,0,0,0,0,0,0,0,0,0,0,0,0,0,0,0,0,0,0,3,10,486,0,0,0,0,0,0,0,0,0,0,0,0,0,0,0,0,0,0]} 1. d4 d5 2. Nf3 Nf6 3. Bf4 Bf5 4. c4 e6 5. Qb3 dxc4 6. Qxb7 Be4 7. Qxc7 Bb4+ 8. Nbd2 Qxc7 9. Bxc7 {a3 is the strong threat.} Ke7 10. a3 c3 $1 {[%cal Rc3b2]} 11. bxc3 Bxc3 12. Rc1 Bb2 13. Bd6+ {[%mdl 64] [#] Decoy} Kxd6 14. Nc4+ {[%mdl 64] Double Attack} Ke7 15. Nxb2 Nbd7 16. Nd2 Rhc8 17. Nbc4 Nb6 18. f3 Bd5 {[%cal Rd5c4]} 19. e4 Bxc4 $146 ({RR} 19... Rc6 20. Kf2 Bxc4 21. Nxc4 Rd8 22. Be2 Nxc4 23. Rxc4 Rxc4 24. Bxc4 Rxd4 25. Rc1 Rd7 26. Bb5 Rb7 27. a4 Ne8 28. Bxe8 Kxe8 29. Rc5 Kd7 30. Ra5 Kc6 31. Ke3 Kb6 32. Rb5+ Kc6 33. Ra5 {½-½ (33) Galyas,M (2448)-Csonka,B (2496) Douglas 2021}) 20. Bxc4 Rc6 {aiming for ...Rac8.} 21. Ke2 $1 Rac8 {[%cal Rb6c4]} 22. Kd3 e5 23. d5 ({But not} 23. dxe5 Nfd7 $14) 23... Rc5 24. Rc2 Nfd7 25. Bb3 Rxc2 $1 26. Bxc2 Nc5+ 27. Ke3 Ne6 28. dxe6 Rxc2 29. exf7 $11 {[%mdl 4096] Endgame KRN-KRN} Rc3+ 30. Ke2 Rxa3 31. Rc1 Kxf7 32. Rc7+ Kf6 33. g3 Ra2 34. f4 exf4 35. gxf4 h6 36. Rc6+ Kf7 37. f5 Nd7 38. Rc7 Ke7 39. Ke3 Kd6 40. Rc8 Ne5 41. Nc4+ (41. Re8 {is interesting.} Ng4+ 42. Ke2 Nf6 43. e5+ Kd7 44. Rb8) 41... Nxc4+ 42. Rxc4 Rxh2 {KR-KR} 43. Ra4 Ke7 44. Kf4 Rf2+ 45. Ke5 Rb2 46. Rxa7+ Kf8 47. Kf4 (47. Ra8+ {keeps more tension.} Ke7 48. Ra7+ Kf8 49. Ra8+) 47... Rb4 48. Kf3 Rb3+ 49. Kg4 Rb4 50. Kf4 Rc4 51. Ke5 Rc6 52. Kd5 Rf6 53. e5 Rxf5 $2 {[%mdl 8192] [#]} (53... Rb6 $1 $11 {and Black is okay.}) 54. Ke6 $2 (54. Kd6 $1 $18 Rf1 55. Ra8+ Kf7 56. e6+ Kg6 57. e7) 54... g6 {The position is equal.} 55. Kd6 {Threatens to win with e6.} Rf1 56. e6 {Hoping for Ra8+.} Rd1+ 57. Ke5 Re1+ 58. Kf6 {[%cal Ra7a8]} Rf1+ 59. Kxg6 Ke8 60. Rf7 Rxf7 61. exf7+ Kf8 62. Kxh6 {Kg6 would kill now.} Kxf7 {Accuracy: White = 86%, Black = 86%.} 1/2-1/2

[Event "Division I"]
[Site "Chess.com"]
[Date "2024.05.15"]
[Round "4.4"]
[White "Firouzja, Alireza"]
[Black "Carlsen, Magnus"]
[Result "1-0"]
[WhiteElo "2856"]
[BlackElo "2900"]
[Annotator "Stockfish 16.1"]
[PlyCount "101"]
[EventDate "2024.??.??"]
[WhiteTeam "FRA"]
[BlackTeam "NOR"]
[WhiteClock "0:00:07"]
[BlackClock "0:00:09"]

{[%evp 11,101,23,37,18,19,1,2,0,7,8,8,1,0,7,7,-18,-8,-62,-41,-69,64,55,169,163,135,159,198,179,185,7,10,7,8,6,10,3,18,23,49,50,50,50,57,46,80,81,83,78,94,57,57,53,55,12,16,28,31,0,0,0,0,0,0,0,0,-381,-314,-311,283,291,372,353,446,436,602,674,673,671,651,620,676,669,636,615,600,569,1130,29943,29958,29958,29959,1169]} 1. d4 {Chess.com} d5 2. c4 e6 3. Nc3 Nf6 4. cxd5 exd5 5. Bg5 c6 6. e3 Bf5 7. Nge2 h6 8. Bh4 Nbd7 9. f3 {The position is equal.} Be7 10. Bf2 Bh7 11. Ng3 Qb6 12. Qd2 O-O 13. Be2 Rfe8 14. e4 dxe4 $1 15. fxe4 c5 ({Black should play} 15... Rad8 $15) 16. e5 $1 $14 {[%cal Re5f6]} cxd4 (16... Rad8 $1 $14 17. exf6 Nxf6) 17. Bxd4 $18 Bc5 18. Na4 Qc6 19. Nxc5 ({Not} 19. exf6 Qxa4 20. Bxc5 Nxc5 $11) 19... Nxc5 20. exf6 $2 ({Better is} 20. Bxc5 $18 {And now Qd6 would win.} Ne4 21. Nxe4) 20... Rad8 $1 $11 {[#] aiming for ...Nd3+.} 21. O-O ({Avoid the trap} 21. fxg7 $2 Nd3+ 22. Kf1 Rxd4 $19) 21... Ne6 $36 {[%mdl 2048] White is under pressure.} 22. Bf3 Qd6 23. fxg7 {Nh5 is the strong threat.} Qxd4+ 24. Qxd4 Nxd4 25. Bxb7 Ne2+ 26. Nxe2 Rxe2 27. b4 Kxg7 28. Rf4 Rb2 29. a4 Bb1 30. Bf3 (30. h3 {is more complex.} f5 31. b5 Rdd2 32. Kh2 Kf6 33. Ra3) 30... f5 31. h3 Kf6 32. Ra3 Ke5 33. Rh4 {Hoping for Re3+.} Be4 34. Bxe4 fxe4 $14 {[%mdl 4096] Endgame KRR-KRR} 35. Rh5+ Kd4 36. Rxh6 Rg8 37. g4 Rc8 {[%cal Rc8c1]} 38. Rf6 $2 {[%mdl 8192]} (38. Rd6+ $11 {and White is okay.} Ke5 39. Rd1) 38... Rc1+ 39. Rf1 Rcc2 $4 {[%mdl 8192] [#]} (39... Rxf1+ $19 {avoids the disaster.} 40. Kxf1 e3) ({RR} 39... Rxf1+ 40. Kxf1 e3 41. b5 Ke4 42. Rc3 Kf3) ({RR} 39... Rbb1 40. Rxc1 Rxc1+ 41. Kf2 Rc2+ 42. Kf1 e3) 40. Rg3 $1 $18 e3 41. g5 Rf2 42. Re1 Rfe2 43. Rxe2 Rxe2 {KR-KR} 44. g6 Re1+ 45. Kg2 Re2+ 46. Kf1 Rf2+ 47. Ke1 {Strongly threatening g7.} Rb2 {intending ...Rb1+.} 48. g7 Kd3 {[%cal Rb2b1]} 49. Kf1 Rb1+ 50. Kg2 Rb2+ 51. Kf3 $146 {Accuracy: White = 77%, Black = 67%.} 1-0

[Event "Division I"]
[Site "Chess.com"]
[Date "2024.05.15"]
[Round "4.5"]
[White "Carlsen, Magnus"]
[Black "Firouzja, Alireza"]
[Result "0-1"]
[WhiteElo "2891"]
[BlackElo "2865"]
[Annotator "Stockfish 16.1"]
[PlyCount "120"]
[EventDate "2024.??.??"]
[WhiteTeam "NOR"]
[BlackTeam "FRA"]
[WhiteClock "0:01:11"]
[BlackClock "0:01:17"]

{[%evp 10,120,45,18,15,16,33,18,19,10,21,7,11,11,11,11,5,11,19,10,17,19,11,7,5,5,20,-16,-45,-40,-40,-39,-3,-12,8,-60,-67,-101,-105,-100,-90,-75,-20,-44,-37,-40,-49,-71,-72,-71,-77,-85,-88,-88,-60,-125,-118,-119,-117,-135,-138,-144,-120,-114,-113,-155,-149,-194,-180,-191,-128,-192,-121,-154,-158,-177,-67,-71,-68,-81,-23,-30,-9,-9,-10,-11,0,0,0,0,0,0,0,0,0,0,0,0,0,0,0,0,0,0,0,0,0,0,0,0,0,0,0]} 1. d4 d5 2. c4 e6 $146 ({RR} 2... dxc4 3. e4 Nf6 4. e5 Nd5 5. Bxc4 Bf5 6. a3 e6 7. Ne2 Be7 8. O-O O-O 9. Nbc3 c6 10. Ng3 Bg6 11. Nge4 Nxc3 12. Nxc3 Nd7 13. f4 Nb6 14. Bb3 Qd7 15. Be3 Rad8 16. Qf3 Kh8 17. Rad1 {Barumba,E (1416) Dublin 2020 [ChessBase] 0-1 (40)}) 3. Nf3 Nf6 4. g3 dxc4 5. Bg2 c5 6. Qa4+ Bd7 7. Qxc4 b5 8. Qc2 Na6 {[%cal Bb8a6,Ba6c5,Bc5b3,Bb3d4][%mdl 32]} ({RR} 8... Nc6 9. dxc5 Nb4 10. Qd2 Bxc5 11. Ne5 Rc8 12. Nc3 Bd4 13. Nxd7 Qxd7 14. O-O O-O 15. Ne4 Nc2 16. Nxf6+ gxf6 17. Rb1 Rfd8 18. Qh6 Qe7 19. Bf4 f5 20. e4 Bg7 21. Qh5 fxe4 22. Bxe4 f5 23. Bxc2 {Carlsen,M (2832)-Nepomniachtchi,I (2755) chess.com INT 2024 ½-½ (78)}) 9. O-O Rc8 10. a3 $146 ({RR} 10. Qd3 Be7 11. Nc3 Qb6 12. e4 b4 13. e5 bxc3 14. exf6 Bxf6 15. bxc3 cxd4 16. Nxd4 Nc5 17. Qe3 O-O 18. Ba3 Rfd8 19. Rab1 Qc7 20. Nb5 Bxb5 21. Rxb5 Na4 22. Rb7 Qxc3 23. Rxa7 Bd4 24. Qxc3 Nxc3 {Tran,N (2346)-Lam,D (2341) Hanoi 2022 0-1 (45)}) ({RR} 10. dxc5 Bxc5 11. Qb3 Qb6 12. Nc3 O-O 13. Ne5 Be8 14. Bg5 Be7 15. Rac1 Nc5 16. Qd1 b4 17. Nb1 Bb5 18. Nd2 Rfd8 19. Qe1 h6 20. Be3 Qa6 21. Ndc4 Na4 22. b3 Nc3 23. Rc2 Rd1 24. Qxd1 Nxd1 {Braun,M (2109)-Koppe,C (1996) Bamberg GER 2024 ½-½ (45)}) 10... cxd4 11. Qd1 Nc5 12. Nxd4 e5 13. Nf3 Be6 {[#] aiming for ...Qxd1.} 14. Qxd8+ (14. Nxe5 Nb3 $15) 14... Rxd8 15. Nc3 (15. Nxe5 Nb3 $17) 15... Nb3 16. Rb1 Bf5 17. Nxe5 Bxb1 18. Bc6+ Ke7 19. Nxb1 Ke6 ({Don't play} 19... Nxc1 20. Rxc1 Rc8 21. Nd2 $11) 20. Nd3 Nd4 {[%mdl 64] [#] Double Attack} ({Of course not} 20... Nxc1 $6 21. Rxc1 Bd6 22. Nc3 $11) 21. Nf4+ Kf5 $132 {[%mdl 2048] Black is not holding back} 22. Bg2 (22. e4+ $5 Ke5 23. Bb7 $15) 22... g5 23. Bh3+ g4 24. Bg2 Bd6 25. Nc3 Rhe8 (25... Bxf4 $5 26. Bxf4 Kg6 $11) 26. f3 {Black must now prevent fxg4+.} Bxf4 $1 27. fxg4+ Kg6 28. Bxf4 Nxe2+ 29. Nxe2 Rxe2 30. g5 Nd5 31. Bc1 Ne3 32. Bf3 Nxf1 33. Bxe2 $17 {[%mdl 4096] Endgame KRN-KB} Nd2 34. h4 a6 35. Kf2 f6 36. gxf6 Kxf6 37. g4 Ke5 38. Ke1 Ne4 39. Be3 Rc8 40. Bd1 Rd8 41. Bc2 Rf8 42. Bd1 Nd6 ({Better is} 42... Ng3 $19 43. Bb6 Rf7) 43. h5 $15 Nc4 44. Bc1 Kd4 {And now ...Ne5 would win.} 45. Bc2 Ne3 (45... Rf7 {is interesting.} 46. Ke2 Re7+ 47. Kf2 Rc7 48. Bb1 Ke5) 46. Bxe3+ $1 {The position is equal.} Kxe3 47. Bxh7 $11 {Hoping for g5. KR-KB} Kf4 48. Bf5 Kg5 49. Kd2 Rd8+ 50. Kc3 a5 51. b4 axb4+ 52. axb4 Rd6 53. Kb3 Rd4 54. Be6 Rd6 55. Bf5 Rd4 56. Ka3 Rd6 57. Kb2 Rd4 58. Kb3 Rd6 59. Kc3 Rd8 60. Bd3 Kxg4 {[%mdl 32768] Accuracy: White = 79%, Black = 81%. . Sensor Board Error (Ke4/e5)?} 0-1

[Event "Division I"]
[Site "Chess.com"]
[Date "2024.05.11"]
[Round "2.1"]
[White "Carlsen, Magnus"]
[Black "Lazavik, Denis"]
[Result "1-0"]
[WhiteElo "2897"]
[BlackElo "2788"]
[Annotator "Stockfish 16.1"]
[PlyCount "139"]
[EventDate "2024.??.??"]
[WhiteTeam "NOR"]
[BlackTeam "BLR"]
[WhiteClock "0:00:50"]
[BlackClock "0:00:06"]

{[%evp 11,139,39,37,-23,2,6,16,0,2,-32,-32,-69,-69,-69,-57,-77,-37,-42,-46,-48,-54,-46,-52,-40,13,7,9,12,37,38,48,47,47,47,47,47,45,46,46,45,56,42,98,105,108,17,159,14,13,10,94,8,9,5,8,3,3,3,3,5,5,3,5,3,3,3,5,3,3,5,5,5,5,6,7,6,7,6,7,2,2,2,3,3,5,7,16,14,14,10,51,36,48,43,304,299,328,320,323,324,369,360,372,381,353,317,356,308,302,284,543,540,533,421,421,421,421,421,421,421,421,421,420,420,420,421,421,426,399,405]} 1. d4 Nf6 2. c4 e6 3. Nf3 d5 4. g3 Be7 5. Bg2 O-O 6. O-O dxc4 7. h4 c5 ({RR} 7... b5 8. Qc2 Bb7 9. Bg5 Nbd7 10. Nc3 a6 11. e4 h6 12. Bf4 Bb4 13. e5 Nd5 14. Bd2 Bxc3 15. bxc3 c5 16. Rae1 cxd4 17. cxd4 c3 18. Bg5 hxg5 19. Nxg5 g6 20. Nxe6 Qe7 21. Nxf8 Nxf8 22. f4 {Grot,B (2190)-Tavernier,L (2082) chess.com INT 2025 0-1 (32)}) 8. dxc5 Bxc5 $146 ({RR} 8... Qxd1 9. Rxd1 Nc6 10. Nbd2 Rd8 11. Rf1 c3 12. Nb3 c2 13. Ne1 a5 14. Nxc2 a4 15. Nd2 Bxc5 16. Nc4 e5 17. Bxc6 bxc6 18. Be3 Bxe3 19. N2xe3 Be6 20. Nxe5 Rd2 21. b3 Nd5 22. N5c4 {½-½ (22) Petkov,M (2545)-Bernadskiy,V (2546) Skopje MKD 2024}) ({RR} 8... Qxd1 9. Rxd1 Bxc5 10. Ne5 Nc6 11. Nxc4 Nd5 12. Nc3 Nxc3 13. bxc3 e5 14. Rd5 Be7 15. Nxe5 Nxe5 16. Rxe5 Bf6 17. Rc5 b6 18. Rc7 Be5 19. Re7 Bxc3 20. Bxa8 Bxa1 21. Bd5 Be6 22. Bxe6 fxe6 23. Rxa7 {Van Foreest,J (2707)-Kryvoruchko,Y (2656) Durres ALB 2023 1-0 (45)}) 9. Qc2 {The position is equal.} Nbd7 10. Nc3 Qc7 11. Bf4 e5 12. Bd2 h6 13. a4 a6 14. Ne4 Nxe4 15. Qxe4 Rb8 16. a5 b5 {And now ...Re8 would win.} 17. axb6 $1 Qxb6 18. Bc3 Bb7 19. Qf5 e4 20. Qxd7 $40 {[%mdl 128] Threatens to win with Ne5. White is up to no good.} exf3 21. Qg4 {[%csl Gc3][%cal Rg4g7]} Qg6 22. Bxf3 Bxf3 23. exf3 Qxg4 24. fxg4 Bb4 25. Rxa6 Bxc3 26. bxc3 $14 {[%mdl 4096] Endgame KRR-KRR} Rb3 27. Rc1 Re8 28. Kg2 (28. Ra5 $16) 28... Re2 (28... Rb2 $1 $11 {remains equal.}) 29. Rc6 (29. Ra8+ $16 Kh7 30. Ra7) 29... Rbb2 $11 30. Rf1 Rec2 {[#]} (30... Kh7 $11) 31. Rc8+ (31. h5 $1 $16) 31... Kh7 32. Rxc4 Rb3 33. Rf4 f6 34. Ra1 {Hoping for Ra7.} Rbxc3 35. Raa4 Rc7 36. Rfe4 Rd7 37. Ra5 Rcd2 38. Raa4 Rc2 39. Rf4 Rcd2 40. Rfb4 Re2 41. Rb8 Rdd2 42. Rf4 Re7 43. Rb5 Red7 44. Rff5 Kg6 45. g5 hxg5 46. hxg5 Re7 47. gxf6 gxf6 48. Rf4 {With the idea Rb6.} Rd6 49. Rg4+ Kf7 50. Rh5 Re2 51. Rh7+ Ke6 52. Rf4 Ra2 $2 {[%mdl 8192] [#]} ({Black should try} 52... Red2 $1 $14) 53. g4 $1 $18 Ra5 54. Kg3 Re5 55. Ra4 Rd3+ 56. f3 Ree3 57. Ra6+ Rd6 58. Ra4 Rdd3 59. Rf4 Rd6 60. Rf5 Re5 $2 (60... Re1 61. Rh6 Ke7) 61. Rxe5+ Kxe5 {KR-KR} 62. f4+ Ke6 63. f5+ Ke5 64. Re7+ Kd5 65. g5 fxg5 66. Kg4 Rd8 67. f6 Rg8 68. f7 Rf8 {intending ...Kd6.} 69. Kxg5 Kd6 70. Kf6 {Accuracy: White = 80%, Black = 69%.} 1-0

[Event "Division I"]
[Site "Chess.com"]
[Date "2024.05.15"]
[Round "4.3"]
[White "Carlsen, Magnus"]
[Black "Firouzja, Alireza"]
[Result "1-0"]
[WhiteElo "2893"]
[BlackElo "2863"]
[Annotator "Stockfish 16.1"]
[PlyCount "117"]
[EventDate "2024.??.??"]
[WhiteTeam "NOR"]
[BlackTeam "FRA"]
[WhiteClock "0:00:35"]
[BlackClock "0:00:02"]

{[%evp 15,117,11,30,14,11,10,13,14,13,16,16,12,33,27,38,31,32,31,44,27,41,17,61,61,58,47,61,58,77,73,76,40,49,40,49,44,56,58,77,73,86,78,122,110,256,237,244,206,189,212,217,217,217,188,207,187,261,69,160,170,175,146,237,200,210,209,210,210,233,237,233,240,235,249,333,333,336,338,333,294,367,348,402,387,381,383,476,465,479,461,672,561,525,329,561,562,685,685,29950,29951,29948,836,29958,29952]} 1. d4 Nf6 2. c4 e6 3. Nf3 d5 4. g3 Bb4+ 5. Bd2 Be7 6. Bg2 O-O 7. Qc2 Nbd7 8. O-O c6 9. Rc1 a5 10. a3 b6 11. cxd5 {The position is equal.} cxd5 12. Bf4 Ba6 13. Nc3 Rc8 14. Qa4 Rc4 $146 ({RR} 14... b5 15. Nxb5 Rxc1+ 16. Bxc1 Ne4 17. Qb3 Qb6 18. a4 Rb8 19. Bf1 Ndf6 20. h3 Bxb5 21. Qxb5 Qxb5 22. axb5 Rxb5 23. e3 Rb8 24. Rxa5 Rc8 25. Ra1 g5 26. Ne1 h5 27. Be2 g4 28. hxg4 Nxg4 29. Nd3 {Karthik,V (2590)-Aczel,G (2502) Prishtina KOS 2024 1-0 (39)}) 15. Qd1 b5 16. e3 Qb6 17. Bf1 Rc6 18. a4 b4 19. Nb5 Rfc8 20. Rxc6 Rxc6 21. Rc1 Ne8 22. h4 h6 23. h5 Bb7 24. Nd2 Ndf6 25. Be2 Ne4 26. Nb3 Bd8 27. f3 {Black must now prevent Rxc6.} Ng5 28. Kg2 Nf6 29. Nc5 Nxh5 (29... Bc8 $16 {was necessary.}) 30. Bb8 $18 {[#] Ba7 is the strong threat.} Rc8 31. Nd7 Rxc1 32. Qxc1 Qc6 33. Qxc6 Bxc6 34. Ne5 Be8 35. f4 f6 36. Nd6 $2 (36. fxg5 $18 {Hoping for Nd6.} fxe5 37. g4) 36... Bxa4 ({Black should play} 36... Ne4 $14 37. Nxe8 Nhxg3) 37. Bxh5 fxe5 38. fxg5 {Strongly threatening Bf7+.} Bxg5 (38... exd4 $16 {is a better defense.} 39. exd4 Bxg5) 39. Bf7+ Kf8 40. Bxe6 exd4 41. exd4 ({Weaker is} 41. Bxd5 d3 $14) 41... Bc1 42. Bxd5 Bxb2 {[#]} 43. Ba7 $1 Ke7 44. Bc5 {aiming for Nc4+.} Bc3 45. Ne4+ Kd7 46. Nxc3 bxc3 47. Kf2 Bc6 48. Bc4 c2 49. Ba3 g5 50. d5 Bb7 51. Ke3 h5 52. Kd4 h4 (52... Ke8 $142 53. Bb5+ Kd8) 53. gxh4 gxh4 54. Bd3 Kd8 $2 (54... Bxd5 55. Kxd5 Ke8 56. Bg6+ Kd7 57. Bxc2 Kd8) 55. Bxc2 h3 56. Bd6 Ba6 57. Bf5 Bf1 58. Bg3 (58. Be5 $142 Bb5 59. Bxh3 Ke8 60. Kc5 Ba4 61. Bc7 Kf8 62. d6 Kf7 63. Bxa5) 58... a4 59. d6 {Accuracy: White = 89%, Black = 48%.} 1-0